000 00525nam a2200181Ia 4500
008 090123s9999 xx 000 0 und d
082 _b4707
100 _aमाडगुळकर ग.दी.
245 _aभाताचे फूल
250 _a1
260 _bसुलभ मु.
_c1977
300 _a146
600 _aमाडगुळकर ग.दी.
630 _aभाताचे फूल
700 _aमाडगुळकर ग.दी.
730 _aभाताचे फूल
942 _cBOOK
999 _c42782
_d42782